| 000 | 00751cam a2200193 4500 | ||
|---|---|---|---|
| 001 | ABS66258 | ||
| 008 | 021220n2002 000 0 eng u | ||
| 035 | _a(Sirsi) u120863 | ||
| 100 | _aPerry, J. | ||
| 245 | _aTeam bonding | ||
| 260 | _c2002 | ||
| 490 |
_aInside Housing _v 8 November 2002, 35(1) |
||
| 520 | _aExplains how housing associations can team up by reorganising their financial arrangements. This involves a review of loan facilities and funding structures, and concludes a substantial element of bond funding, and consequent lower bank funding, can result in spare capacity for future requirements. | ||
| 590 | _aABS | ||
| 650 | _aCONTRACT ADMINISTRATORS | ||
| 650 | _aFUNDING | ||
| 690 | _aHOUSING-HOUSING FINANCE | ||
| 942 | _n0 | ||
| 999 |
_c71839 _d71839 |
||